000 01877nab a2200301 a 4500
005 20250926063857.0
008 991125c2016 sp fr p o 000 0 spa d
035 _aUPN01000212046
040 _aUPN
_bspa
_cUPN
_eaacr2
049 _aART-E
100 1 _aGarcía García, Francisco
100 1 _ufghenche@gmail.com
100 1 _aGil Ruiz, Francisco José
100 1 _ufrancisco.gil87@gmail.com
245 1 3 _aEl antihéroe cinematográfico como un modelo ético a través de las virtudes aristotélicas en Taxi Driver
506 0 _aAcceso abierto
520 3 _aEn este artículo se propone un retrato del antihéroe cinematográfico a partir de Travis Bickle, protagonista de Taxi driver (Scorsese, 1976) , con el fin de determinar la ética del antihéroe cinematográfico. Para ello se indaga en una selección de acontecimientos y/o acciones clave del protagonista de la película desde el punto de vista de la ética aristotélica, concretamente, atendiendo a las virtudes que el autor describe en Ética a Nicómaco (Aristóteles, 2014). Los resultados indican que, en efecto, el antihéroe cinematográfico aquí estudiado no obedece a las virtudes aristotélicas, aunque su existencia es ética en cuanto a que se erige como ejemplo de vida para el espectador, pues la ausencia de virtudes corrobora la necesidad de las mismas.
650 4 _aÉtica
_912720
650 4 _aCinematografía
_92549
650 2 _aVirtudes
_914446
653 0 _aAristóteles, 384-322 A.C
773 _gVol. 16, no. 1 (2016), p. 105-127
_tEtic@net. Revista científica electrónica de educación y comunicación en la sociedad del conocimiento
_x1695-324X
856 4 _uhttps://revistaseug.ugr.es/index.php/eticanet/article/view/11939
856 4 _uhttps://doi.org/10.30827/eticanet.v16i1.11939
902 _aGloria Jiménez/210325
905 _aArticulo
942 _cART-E
999 _c184146
_d184146